000 00710nam a22002057a 4500
005 20251108165500.0
008 250721s1978 xx 000 0 ara d
082 1 4 _aم/217.46/خصا
100 1 _aالخصاف، أبو بكر أحمد بن عمر بن مهير الشيباني
245 1 0 _aكتاب أدب القاضي /
264 1 _aالقاهره :
_bالجامعة الأمريكية - قسم النشر،
_c1978.
300 _a825ص
650 1 7 _aالإسلام
650 1 7 _aالفقه الإسلامي
650 1 7 _aالفقه الحنفي
700 1 _aالجصاص، أبو بكر أحمد
_eشرح
700 1 _aزيادة، فرحات
_eتحقيق
942 _2ddc
_cREF
999 _c28967
_d28967